000 00605nam a2200241Ia 4500
008 141004s9999 xx 000 0 und d
020 _a90 247 3432 0
040 _ca
041 _aEnglish
082 _a571.538 2
082 _bBON/CE
100 _aJM Bonza
245 _aCell and tissue culture in forestry-Vol.3
245 _cJM Bonza
260 _aBoston
260 _bMartinus Nijhoff publishers
260 _c1987
300 _a416 p.
300 _b24 cm
501 _a2A3,4,5
650 _aTissue culture
942 _cBK
999 _c302967
_d302967